000 00215 a2200097 4500
001 30128
100 _aLoney, S L
245 _aThe statics & Dynamics
260 _aLondon
_bCambridge Univ
_c
090 _c20078
_d20078
942 _aNUST-CAE
_cM
_c11201
999 _c265201
_d265201